12 Players from the WORST Manchester United - Statistics

General Stats
  • This quiz has been taken 20 times
  • The average score is 4 of 12
Answer Stats
Hints Answers % Correct
2019 - Actual Harry MAGUIRE
80%
2022 - 2025 Antony
65%
2011 - 2023 Phil Jones
45%
2003 - 2005 Eric Djemba-Djemba
35%
2018 - 2020 Alexis Sanchez
25%
1996 - 2000 Jordi Cruyff
25%
2001 - 2003 Juan Sebastian Veron
20%
2003 - 2005 Kleberson
20%
2000 - 2004 Fabien Barthez
10%
2020 - 2021 Odion Ighalo
10%
2013 - 2015 Wilfried Zaha
10%
1995 - 1996 William Prunier
10%
No matching quizzes found
Score Distribution
Percent of People with Each Score
Percentile by Number Answered
Your Score History
You have not taken this quiz